FIDIC user's guide (Record no. 112303)

MARC details
000 -LEADER
fixed length control field 03190cam a2200289 4500
001 - CONTROL NUMBER
control field L152975
008 - FIXED-LENGTH DATA ELEMENTS--GENERAL INFORMATION
fixed length control field 110519n2006 000 0 eng u
020 ## - INTERNATIONAL STANDARD BOOK NUMBER
International Standard Book Number 9780727737762
035 ## - SYSTEM CONTROL NUMBER
System control number (Sirsi) u152975
041 0# - LANGUAGE CODE
Language code of text/sound track or separate title eng
050 ## - LIBRARY OF CONGRESS CALL NUMBER
Classification number 624.08
100 ## - MAIN ENTRY--PERSONAL NAME
Personal name Totterdill, B.
245 ## - TITLE STATEMENT
Title FIDIC user's guide
Remainder of title A Practical Guide to the 1999 Red and Yellow Books - Incorporating changes and additions to the 2005 MDB Harmonised Edition
Medium [electronic resource]
260 ## - PUBLICATION, DISTRIBUTION, ETC.
Place of publication, distribution, etc. London
Name of publisher, distributor, etc. Thomas Telford
Date of publication, distribution, etc. 2006
350 ## - PRICE (NR) (BK AM CF MU VM SE) [OBSOLETE]
Price 35
505 2# - FORMATTED CONTENTS NOTE
Formatted contents note 1 The Traditional and the 1999 FIDIC Conditions of Contract -- 1 Introduction to the FIDIC Conditions of Contract -- 2 Comparisons between the different FIDIC Conditions of Contract -- 3 The 1999 FIDIC Red and Yellow Books -- 4 Claims and dispute procedures -- 5 Flow charts -- Part 2 The FIDIC Conditions of Contract for Construction and for Plant and Design-Build -- 6 Introduction to -- 7 Contents: General Conditions -- 8 Definitions listed alphabetically -- 9 Clause 1: General Provisions -- 10 Clause 2: The Employer -- 11 Clause 3: The Engineer -- 12 Clause 4: The Contractor -- 13 Clause 5 (RB): Nominated Subcontractors -- 14 Clause 5 (YB): Design -- 15 Clause 6: Staff and Labour -- 16 Clause 7: Plant, Materials and Workmanship -- 17 Clause 8: Commencement, Delays and Suspension -- 18 Clause 9: Tests on Completion -- 19 Clause 10: Employer's Taking Over -- 20 Clause 11: Defects Liability -- 21 Clause 12 (RB): Measurement and Evaluation -- 22 Clause 12 (YB): Tests after Completion -- 23 Clause 13: Variations and Adjustments -- 24 Clause 14: Contract Price and Payment -- 25 Clause 15: Termination by Employer -- 26 Clause 16: Suspension and Termination by Contractor -- 27 Clause 17: Risk and Responsibility -- 28 Clause 18: Insurance -- 29 Clause 19: Force Majeure -- 30 Clause 20: Claims, Disputes and Arbitration -- Part 3 Appendices -- A1 General Conditions of Dispute Adjudication Agreement -- A2 Annex: Procedural Rules -- A3.1 Index of Sub-Clauses in the Conditions of Contract for Construction -- A3.2 Index of Sub-Clauses in the Conditions of Contract for Plant and Design-Build -- A4 Annexes and Forms -- Part 4 MDB Harmonised Edition of the FIDIC Conditions of Contract for Construction -- 31 The MDB Edition -- Part 5 Sub-Clause comparison
520 ## - SUMMARY, ETC.
Summary, etc. The FIDIC Conditions of Contract for Construction and the Conditions of Contract for Plant and Design-Build (known as the '1999 Red Book' and the '1999 Yellow Book') were first published in 1999 and have been used for a large number of contracts around the world. During 2005, FIDIC and the multilateral development banks cooperated to publish the MDB Harmonised Conditions of Contract for Construction. This book is a revised and extended edition of the author's earlier guides.
650 ## - SUBJECT ADDED ENTRY--TOPICAL TERM
Topical term or geographic name entry element CLAIMS
650 ## - SUBJECT ADDED ENTRY--TOPICAL TERM
Topical term or geographic name entry element DISPUTES
650 ## - SUBJECT ADDED ENTRY--TOPICAL TERM
Topical term or geographic name entry element FIDIC CONDITIONS OF CONTRACT
650 ## - SUBJECT ADDED ENTRY--TOPICAL TERM
Topical term or geographic name entry element FIDIC RED BOOK
650 ## - SUBJECT ADDED ENTRY--TOPICAL TERM
Topical term or geographic name entry element RICS APPRAISAL AND VALUATION MANUAL
651 #4 - SUBJECT ADDED ENTRY--GEOGRAPHIC NAME
Geographic name ENGLAND AND WALES
690 ## - LOCAL SUBJECT ADDED ENTRY--TOPICAL TERM (OCLC, RLIN)
Topical term or geographic name as entry element BUILT ENVIRONMENT-BUILDING CONTRACT FORMS
856 40 - ELECTRONIC LOCATION AND ACCESS
Uniform Resource Identifier <a href="https://www.vlebooks.com/">https://www.vlebooks.com/</a>
Public note View on VLEbooks. Logins for members only from [email protected]
942 ## - ADDED ENTRY ELEMENTS (KOHA)
Suppress in OPAC 0
Holdings
Withdrawn status Lost status Source of classification or shelving scheme Damaged status Not for loan Home library Current library Shelving location Date acquired Total Checkouts Full call number Barcode Date last seen Copy number Price effective from Koha item type
    Dewey Decimal Classification     Virtual Virtual Online 19/05/2011   EBOOKS 152975-2001 06/08/2019 1 06/08/2019 Book